Aplicación de nutrientes y plaguicidas por sistema de riego por goteo: división frutas y hortalizas
Guardat en:
| Autor corporatiu: | , |
|---|---|
| Format: | Llibre |
| Idioma: | espanyol |
| Publicat: |
Santiago
Fundación Chile
2000
|
| Col·lecció: | Publicación Técnica, 2
|
| Matèries: | |
| Etiquetes: |
Afegir etiqueta
Sense etiquetes, Sigues el primer a etiquetar aquest registre!
|
MARC
| LEADER | 00000nam a2200000 a 4500 | ||
|---|---|---|---|
| 001 | UCG5435 | ||
| 003 | CL-VaPUC | ||
| 008 | 110303e20000000cl |||||||||||||||||spa|d | ||
| 082 | 0 | 4 | |a 631.8 |b FUN |2 21 |
| 110 | 2 | |a Fundación Chile |e author |9 555168 | |
| 710 | 2 | |a Universidad de California |e author |9 555169 | |
| 245 | 1 | 0 | |a Aplicación de nutrientes y plaguicidas por sistema de riego por goteo: división frutas y hortalizas |
| 300 | |a 12 p | ||
| 942 | |c BK | ||
| 945 | |d 20110303 00:00:00 |a dcastane | ||
| 260 | |a Santiago |b Fundación Chile |c 2000 | ||
| 650 | 0 | |a Fertilizantes |9 262833 | |
| 650 | 0 | |a Riego por goteo |9 264318 | |
| 650 | 0 | |a Cultivo |9 264268 | |
| 650 | 7 | |a NUTRIENTES AGRICOLAS |2 CL-VaPUC |9 393079 | |
| 650 | 0 | |a Plaguicidas |9 259645 | |
| 583 | |a last modification |c 20171011 01:21:28 |k Rodrigo Vera | ||
| 490 | 0 | |a Publicación Técnica, 2 | |
| 999 | |c 343952 |d 343950 | ||
| 952 | |0 0 |1 1 |2 ddc |4 0 |6 631_800000000000000_FUN_2000 |7 0 |8 A |9 441670 |a BIBAGR |b BIBAGR |d 2019-11-22 |i 4751663 |o 631.8 FUN 2000 |p 4751663 |r 2019-11-22 |w 2019-11-22 |y BK |k AGR | ||